Statistiques concernant Echelle de mots - De la Terre au ciel.

Cliquez ici pour prendre le quiz!

Statistiques générales

  • Ce quiz a été pris 515 fois
  • Le résultat moyen est 18 sur 33

Statistiques - réponses

IndiceRéponse% Correct
Notre chère planèteTerre
100%
Abri de campingTente
84%
rebondissante, de tennis ou de ping pong voire même de fusilBalle
78%
Sable fonduVerre
77%
Plafond de tout être terrestreCiel
75%
Utile pour le baseballBatte
73%
Pour tenir sur le cheval, elle est en cuirSelle
73%
Echange d'un bien contre de l'argentVente
70%
à manger, de bains ou polyvalente
Salle
67%
Pas encore mûreVerte
66%
Pas luiElle
64%
Intérieurs du painMies
64%
Substance sirupeuse et sucrée, de couleur ambréeMiel
62%
Le chat en a 9Vies
58%
Choisie par le peuple -> enlever une lettreElue
55%
Pays de l'est de l'EuropeBalte
54%
Dobby, Galadriel ou LegolasElfe
54%
Ingère un liquide -> enlever une lettreBoit
50%
Peut être de 7 lieuesBotte
50%
Perçoit par les yeuxVoit
50%
Poilue
Velue
48%
Protections des yeuxCils
44%
Savoir la rouler fait de vous un dom juan -> ajouter une lettrePelle
44%
Morceau de terreMotte
43%
Unité de différence de potentiel ou chien starVolt
42%
Elle n'est pas partie, bien au contraireVenue
41%
Légèrement humideMoite
39%
Habillement particulierTenue
39%
Pour tout rangement, ou s'il claudiqueBoite
38%
RevolverColt
37%
MinceMenue
37%
MéprisablesVils
37%
Hauts de montagnesCols
32%

Distribution des résultats

Percentile par nombre de réponses

% des personnes avec chaque résultat

Votre développement - résultats

Vous n’avez pas pris ce quiz